| 000 | 01514cam a2200409 a 4500 | ||
|---|---|---|---|
| 001 | 8563980 | ||
| 003 | OSt | ||
| 005 | 20150408114153.0 | ||
| 006 | m d | ||
| 007 | cr n | ||
| 008 | 100120s2010 enka sb 001 0 eng d | ||
| 015 |
_aGBB055160 _2bnb |
||
| 016 | 7 |
_a015540567 _2Uk |
|
| 020 | _a9780123756909 (pbk.) | ||
| 020 | _a0123756901 (pbk.) | ||
| 035 | _a(WaSeSS)ssj0000413413 | ||
| 040 |
_aUKM _cUKM _dYDXCP _dCDX _dC#P _dBWX _dDNLM _dWaSeSS |
||
| 042 | _anlmcopyc | ||
| 050 | 4 |
_aQH506 _b.S74 2010 |
|
| 050 | 4 | _aQH323.5 | |
| 060 | 0 | 0 | _a2010 I-340 |
| 060 | 1 | 0 | _aQH 506 |
| 082 | 0 | 4 |
_a660.60151 _222 _bSFC |
| 100 | 1 |
_aStephenson, Frank Harold. _940114 |
|
| 210 | 1 | 0 | _aCalculations for molecular biology and biotechnology |
| 245 | 1 | 0 |
_aCalculations for molecular biology and biotechnology _h[electronic resource] : _ba guide to mathematics in the laboratory / _cFrank H. Stephenson. |
| 250 | _a2nd ed. | ||
| 260 |
_aAmsterdam ; _aBoston : _bAcademic Press/Elsevier, _c2010. |
||
| 504 | _aIncludes bibliographical references and index. | ||
| 506 | _aLicense restrictions may limit access. | ||
| 650 | 1 | 2 | _aMolecular Biology |
| 650 | 1 | 2 | _aMathematics |
| 650 | 2 | 2 | _aBiotechnology |
| 773 | 0 | _tScienceDirect Biochemistry, Genetics and Molecular Biology eBook Collection 2010 | |
| 856 | 4 | 0 |
_uhttp://www.columbia.edu/cgi-bin/cul/resolve?clio8563980 _zFull text available from ScienceDirect Biochemistry, Genetics and Molecular Biology eBook Collection 2010 |
| 942 |
_2ddc _cDVD |
||
| 999 |
_c32193 _d266693 |
||